000 00334nam a22001457a 4500
008 240318b ||||| |||| 00| 0 eng d
020 _a0521247535
041 _aeng
080 _21983
_a101
082 _a101BEN
100 _a44
101 _aFILOZOFI
245 _aEVOLUTION FROM MOLECULES TO MEN
_cD.S.BENDALL
942 _2udc
_cBK
999 _c60597
_d60597